| 000 | 00901 a2200217 4500 | ||
|---|---|---|---|
| 003 | Nust | ||
| 005 | 20170207154029.0 | ||
| 010 | _a 2002074777 | ||
| 020 | _a0201745518 | ||
| 040 | _cNust | ||
| 082 | 0 | 0 | _a621.382 |
| 100 | 1 | _aLee, Edward A., | |
| 245 | 1 | 0 |
_aStructure and interpretation of signals and systems (E-BOOK) _cEdward A. Lee, Pravin Varaiya. |
| 260 |
_aBoston : _bAddison-Wesley, _cc2003. |
||
| 300 |
_axxi, 647 p. : _bill. ; _c25 cm. |
||
| 500 | _aIncludes indexes. | ||
| 505 | _a1 Signals and Systems (Page-1) 2 Defining Signals and Systems(Page-37) 3 State-Space Models(Page-65) 4 Composing State Machines(Page-97) 5 Linear Systems(Page-127) 6 Frequency Domain(Page-149) 7 Frequency Response(Page-175) 8 Filtering(Page-205) 9 The Four Fourier Transforms(Page-245) 10 Sampling and Reconstruction(Page-267) | ||
| 650 | 0 | _aSignal detection. | |
| 651 | _aE-BOOK | ||
| 700 | 1 | _aVaraiya, P. P. | |
| 942 |
_2ddc _cBK |
||
| 999 |
_c192077 _d192077 |
||